[Event "GER-chT U12"]
[Site "Magdeburg"]
[Date "2019.12.28"]
[Round "4.8"]
[White "Pick, Max"]
[Black "Kliffken, Julian"]
[Result "1-0"]
[WhiteElo "1635"]
[BlackElo "1476"]
[PlyCount "101"]
[EventDate "2019.12.27"]
[EventType "team-swiss"]
[EventRounds "7"]
[EventCountry "GER"]
[SourceTitle "CBM 194 Extra"]
[Source "ChessBase"]
[SourceDate "2020.03.31"]
[SourceVersion "1"]
[SourceVersionDate "2020.03.31"]
[SourceQuality "1"]
[WhiteTeam "Kerpen SK"]
[BlackTeam "Porz SG"]
[WhiteTeamCountry "GER"]
[BlackTeamCountry "GER"]

1. e4 c5 2. Nf3 Nc6 3. d4 cxd4 4. Nxd4 Qb6 5. Nb5 a6 6. Be3 Qa5+ 7. N5c3 Nf6 8. Nd2 e6 9. Nc4 Qd8 10. Bb6 Qe7 11. e5 Nxe5 12. Nxe5 Qb4 13. Bd4 Bc5 14. a3 Qxb2 15. Rb1 Qxa3 16. Nc4 Bxd4 17. Nxa3 Bxc3+ 18. Ke2 Nd5 19. Qc1 0-0 20. g3 Bf6 21. Rb3 b5 22. Bg2 Bb7 23. Rd1 Nc3+ 24. Rxc3 Bxg2 25. Rcd3 Bc6 26. Rxd7 Bxd7 27. Rxd7 b4 28. Nc4 Bc3 29. Qg5 h6 30. Qc5 Rfc8 31. Rc7 Rd8 32. Qc6 a5 33. Rd7 Rxd7 34. Qxa8+ Kh7 35. Qxa5 Rd4 36. Qb5 f6 37. Ne3 e5 38. Qb7 e4 39. Qf7 f5 40. Qxf5+ Kh8 41. h4 Rd2+ 42. Kf1 Bd4 43. Qxe4 Bc3 44. g4 Rd4 45. Qe8+ Kh7 46. g5 hxg5 47. hxg5 Rh4 48. g6+ Kh6 49. Nf5+ Kg5 50. Nxh4 Kxh4 51. Kg2 1-0